Loading...
| Science - Other | 0 | 4 | 2 | 1 | 30 | 93 | 123.50 | 1 | 2 | 7.13 | 31.48 |
| Science - Biology | 0 | 3 | 1 | 0 | 25 | 76 | 101.00 | 1 | 2 | 8.48 | 21.00 |
| Current Events | 1 | 0 | 0 | 0 | 15 | 45 | 45.00 | 0 | 1 | 9.38 | 9.52 |
| History - Other | 1 | 0 | 0 | 1 | 15 | 54 | 54.00 | 1 | 1 | 10.50 | 16.67 |
| History - World | 0 | 2 | 1 | 1 | 15 | 93 | 108.50 | 0 | 1 | 3.33 | 6.67 |
| Social Science | 0 | 1 | 0 | 1 | 10 | 139 | 139.00 | 1 | 1 | 0.09 | 6.67 |
| History - European | 0 | 1 | 0 | 0 | 10 | 95 | 95.00 | 0 | 0 | 3.12 | 1.67 |
| Philosophy | 0 | 1 | 0 | 0 | 10 | 146 | 146.00 | 0 | 0 | 0.76 | 3.33 |
| Science - Chemistry | 0 | 2 | 2 | 0 | 10 | 80 | 96.50 | 0 | 1 | 5.55 | 13.33 |
| Science - Physics | 0 | 1 | 0 | 0 | 10 | 115 | 115.00 | 0 | 1 | 1.29 | 6.67 |
| Mythology | 0 | 1 | 1 | 0 | 5 | 118 | 118.00 | 0 | 1 | 1.80 | 11.90 |
| Fine Arts - Painting and Sculpture | 0 | 0 | 1 | 0 | -5 | 0.00 | 0 | 0 | 0.00 | 0.00 |